00596nam a2200205 4500003000400000005001700004008004100021020001800062040001800080050001900098100002900117245009000146264003500236300001800271336002200289337002400311338002400335942001400359999001700373OSt20260601171009.0260506b\\\\\\\\||||||||\||||\00|\0\ger\d a9783938666203 aICIbspacICI aNA2542.36bO75 1aLunger, Christian932818 1aOrientierung auf reisen;bTouristische LeitsystemecChristian Lunger; Markus Sheiber bDom Publishersc2009aAlemania a418 páginas atexto2rdacontent asin medio2rdamedia avolumen2rdacarrier 2lcccBn1 c20425d20425